|
|
|
|
| LEADER |
01546nam a2200373 i 4500 |
| 001 |
EBC6680417 |
| 003 |
MiAaPQ |
| 005 |
20220402131854.0 |
| 006 |
m o d | |
| 007 |
cr cnu|||||||| |
| 008 |
220402s2021 enk o 000 0 eng d |
| 020 |
|
|
|a 9781801179454
|q (electronic bk.)
|
| 035 |
|
|
|a (MiAaPQ)EBC6680417
|
| 035 |
|
|
|a (Au-PeEL)EBL6680417
|
| 035 |
|
|
|a (OCoLC)1261367439
|
| 040 |
|
|
|a MiAaPQ
|b eng
|e rda
|e pn
|c MiAaPQ
|d MiAaPQ
|
| 050 |
|
4 |
|a HD31
|b .P655 2021
|
| 082 |
0 |
|
|a 658
|2 23
|
| 245 |
0 |
0 |
|a Policy Challenges and Innovative Analyses of Payment for Performance in Health Care /
|c Fabiana da Cunha, Lindsay J. L. Forbes, Stephen Peckham, guest editors.
|
| 264 |
|
1 |
|a Bingley, UK :
|b Emerald Publishing Limited,
|c 2021.
|
| 300 |
|
|
|a 1 online resource (162 pages).
|
| 336 |
|
|
|a text
|b txt
|2 rdacontent
|
| 337 |
|
|
|a computer
|b c
|2 rdamedia
|
| 338 |
|
|
|a online resource
|b cr
|2 rdacarrier
|
| 490 |
0 |
|
|a Journal of Health Organization and Management,
|x 1477-7266 ;
|v Volume 35, Number 3
|
| 588 |
|
|
|a Description based on print version record.
|
| 590 |
|
|
|a Electronic reproduction. Ann Arbor, MI : ProQuest, 2018. Available via World Wide Web. Access may be limited to ProQuest affiliated libraries.
|
| 650 |
|
0 |
|a Industrial management.
|
| 655 |
|
4 |
|a Electronic books.
|
| 700 |
1 |
|
|a Cunha, Fabiana da,
|e editor.
|
| 700 |
1 |
|
|a Forbes, Lindsay J. L.,
|e editor.
|
| 700 |
1 |
|
|a Peckham, Stephen,
|e editor.
|
| 797 |
2 |
|
|a ProQuest (Firm)
|
| 856 |
4 |
0 |
|u https://ebookcentral.proquest.com/lib/matrademy/detail.action?docID=6680417
|z Click to View
|